000 00905nam a22002537a 4500
005 20120411115531.0
008 120411t xxu||||| |||| 00| 0 eng d
010 _aENG-105321
020 _a9789380599434
_c900.00
035 _aEN-88854
037 _bDBAD/PUB
040 _aDPL
_bEng
082 _a614.1
100 _944715
_aMukherjee, J.B.
245 _aForensic medicine and toxicology /
_cby J.B.Mukherjee ; edited by R.N. Karmakar
250 _a4th ed
260 _aKolkata
_bAcademic Publishers
_c2012
270 _a5A,Bhawani Dutta Lane,
_bKolkata
_e700073
300 _aV.1&II (1048p.) :
_c24cm (pbk)
_bill
500 _aIncludes index
700 _aKarmakar, R.N.
_947338
942 _2ddc
_cEN
_mMUK
_h614.1
999 _c66834
_d66834